Geometry Dash Portals - Statistics

General Stats
  • This quiz has been taken 1,136 times
    1,114 since last reset
  • The average score is 9 of 13
Answer Stats
Portal Answer % Correct
Pink Ship
90%
Blue Wave
90%
Red Ball
88%
Orange UFO
86%
Grey Robot
84%
Indigo Spider
84%
Yellow,Blue Gravity
82%
Green Cube
79%
Pink,Green Size
56%
Orange,Blue,Triangle Dual
55%
Orange,Blue Mirror
40%
Blue,Green,Pink, Red, Orange Speed
33%
Blue.Orange Portal
19%
No matching quizzes found
Score Distribution
Percent of People with Each Score
Percentile by Number Answered
Your Score History
You have not taken this quiz since the last reset